Salt of the Desert Sun (Record no. 4063)

MARC details
000 -LEADER
fixed length control field 00339nam a22001337a 4500
008 - FIXED-LENGTH DATA ELEMENTS--GENERAL INFORMATION
fixed length control field 250702b |||||||| |||| 00| 0 eng d
020 ## - INTERNATIONAL STANDARD BOOK NUMBER
ISBN 0521301823
100 ## - MAIN ENTRY--AUTHOR
Author LOVE Joy E. Paul
245 ## - TITLE STATEMENT
Title Salt of the Desert Sun
260 ## - PUBLICATION, DISTRIBUTION, ETC. (IMPRINT)
Place of publication New York
Name of publisher Cambridge University Press
Date of publication 1986
300 ## - COLLATION
Pagination xvi, 351p.
942 ## - ADDED ENTRY ELEMENTS (KOHA)
Item type Books
050 ## - LIBRARY OF CONGRESS CALL NUMBER
Classification number HD9213
Item number .L68
Holdings
Source of classification or shelving scheme Not for loan Permanent location Current location Date acquired Accession No. Full call number Barcode. Koha item type
Library of Congress Classification   Samuel Ogbemudia Main Library, University of Abuja Samuel Ogbemudia Main Library, University of Abuja 07/02/2025 93/012667 HD9213.L68 2025-2789 Books
Library of Congress Classification   Samuel Ogbemudia Main Library, University of Abuja Samuel Ogbemudia Main Library, University of Abuja 07/02/2025 93/012667 HD9213.L68 2025-2790 Books
Library of Congress Classification   Samuel Ogbemudia Main Library, University of Abuja Samuel Ogbemudia Main Library, University of Abuja 07/02/2025 93/012667 HD9213.L68 2025-2791 Books